[Event "IECG WC.2008.T.00006 email"]
[Site "IECG email"]
[Date "2007.02.02"]
[Round "?"]
[White "Marcinkiewicz, Jan"]
[Black "Djoudi, Amar"]
[Result "1/2-1/2"]
[WhiteElo "2398"]
[BlackElo "2298"]
[PlyCount "123"]
[EventDate "2007.02.02"]
[EventType "tourn (corr)"]
[EventRounds "6"]
[SourceTitle "Corr 2024"]
[Source "ChessBase"]
[SourceDate "2023.10.19"]
[SourceVersion "1"]
[SourceVersionDate "2023.10.19"]
[SourceQuality "1"]

1. e4 c5 2. Nf3 d6 3. d4 cxd4 4. Nxd4 Nf6 5. Nc3 a6 6. Be3 e5 7. Nf3 Be7 8. Bc4 0-0 9. 0-0 Be6 10. Bxe6 fxe6 11. Na4 Ng4 12. Qd3 Nxe3 13. Qxe3 b5 14. Nb6 Ra7 15. Nd5 Rb7 16. Qd2 Nd7 17. Rad1 Bh4 18. Nxh4 Qxh4 19. f3 Qd8 20. Rf2 Nb8 21. Ne3 Rd7 22. Qc3 Qb6 23. Rfd2 Rfd8 24. Qb3 Kf8 25. Kf2 Kf7 26. Kg3 Nc6 27. Ng4 Ke7 28. h4 Na5 29. Qe3 Qxe3 30. Nxe3 Rc7 31. b3 Rc3 32. Rd3 Rxd3 33. Rxd3 h5 34. Kf2 Nc6 35. c3 Nb8 36. Rd2 Rc8 37. Rc2 Nd7 38. Ke2 Nb6 39. Kd3 d5 40. exd5 exd5 41. c4 dxc4+ 42. bxc4 bxc4+ 43. Nxc4 Nd5 44. a3 Ke6 45. g3 Rd8 46. Ke2 Rc8 47. Ne3 Rxc2+ 48. Nxc2 Ne7 49. Ne3 Nc6 50. Kd3 Nd4 51. Ke4 Ne2 52. Nf1 Nc3+ 53. Kd3 Nb5 54. a4 Nd4 55. Nd2 Kd5 56. g4 Nxf3 57. Nxf3 e4+ 58. Ke3 exf3 59. gxh5 Kc5 60. Kxf3 Kb4 61. Kf4 Kxa4 62. Kf5 1/2-1/2

[Event "IECG WC.2008.T.00006 email"]
[Site "IECG email"]
[Date "2007.02.02"]
[Round "?"]
[White "Marcinkiewicz, Jan"]
[Black "Perez, Brigiliano"]
[Result "1-0"]
[WhiteElo "2398"]
[BlackElo "2415"]
[PlyCount "133"]
[EventDate "2007.02.02"]
[EventType "tourn (corr)"]
[EventRounds "6"]
[SourceTitle "Corr 2024"]
[Source "ChessBase"]
[SourceDate "2023.10.19"]
[SourceVersion "1"]
[SourceVersionDate "2023.10.19"]
[SourceQuality "1"]

1. e4 c5 2. Nf3 d6 3. d4 cxd4 4. Nxd4 Nf6 5. Nc3 a6 6. Be3 e5 7. Nf3 Be7 8. Bc4 0-0 9. 0-0 Be6 10. Qe2 b5 11. Bb3 h6 12. Nh4 Nbd7 13. a3 Re8 14. Nf5 Bf8 15. Rfd1 Qc7 16. Qf3 Kh7 17. Rd2 g6 18. Bxe6 Rxe6 19. Ng3 Bg7 20. h4 h5 21. Rad1 Rc8 22. Nf1 Kg8 23. Bg5 Qb8 24. Ne3 Rxc3 25. bxc3 Nc5 26. Bxf6 Rxf6 27. Qe2 Re6 28. Nd5 Bh6 29. Rd3 Nxd3 30. cxd3 Qd8 31. g3 Qa5 32. Ra1 Qa4 33. Qd1 Qxd1+ 34. Rxd1 Kf8 35. a4 bxa4 36. Ra1 Re8 37. Rxa4 Ra8 38. Kf1 Ra7 39. Ke2 f5 40. exf5 gxf5 41. Nb6 a5 42. Nc4 Ke7 43. Rxa5 Rxa5 44. Nxa5 d5 45. f3 Bf8 46. d4 e4 47. f4 Kd7 48. Nb3 Ba3 49. Kd2 Bd6 50. Na1 Ba3 51. Nc2 Bb2 52. Ne3 Ke6 53. Kc2 Ba3 54. Kb1 Be7 55. Ka2 Bd8 56. Ka3 Be7+ 57. Ka4 Bf8 58. Nc2 Kd7 59. Kb5 Bd6 60. c4 dxc4 61. Kxc4 Ke7 62. Kd5 Bc7 63. Kc6 Bb8 64. d5 Kd8 65. d6 Ba7 66. g4 e3 67. gxh5 1-0